Occupational Therapy in Action (Record no. 249285)

MARC details
000 -LEADER
fixed length control field 00534nam a22001937a 4500
003 - CONTROL NUMBER IDENTIFIER
control field OSt
008 - FIXED-LENGTH DATA ELEMENTS--GENERAL INFORMATION
fixed length control field 250519b |||||||| |||| 00| 0 eng d
020 ## - INTERNATIONAL STANDARD BOOK NUMBER
International Standard Book Number 9781496310286
082 ## - DEWEY DECIMAL CLASSIFICATION NUMBER
Classification number 615.8515
100 ## - MAIN ENTRY--PERSONAL NAME
Personal name Trickey-Rokenbrod
245 ## - TITLE STATEMENT
Title Occupational Therapy in Action
Remainder of title A Library of Case Studies
Statement of responsibility, etc Dianne Trickey-Rokenbrod
250 ## - EDITION STATEMENT
Edition statement 1st
260 ## - PUBLICATION, DISTRIBUTION, ETC. (IMPRINT)
Place of publication, distribution, etc New York
Name of publisher, distributor, etc Wolters Kluwer
Date of publication, distribution, etc 2017
650 ## - SUBJECT ADDED ENTRY--TOPICAL TERM
Form subdivision Occupational Therapy
General subdivision Occupational Therapy
942 ## - ADDED ENTRY ELEMENTS (KOHA)
Item type Books
Source of classification or shelving scheme Dewey Decimal Classification
Holdings
Withdrawn status Lost status Damaged status Permanent location Current location Date acquired Source of acquisition Cost, normal purchase price Full call number Barcode Date last seen Koha item type
      CENTRAL LIBRARY, NOORUL ISLAM CENTRE FOR HIGHER EDUCATION CENTRAL LIBRARY, NOORUL ISLAM CENTRE FOR HIGHER EDUCATION 05/17/2025 Masters Books Distributors, Kollam 6854.30 615.8515 Q7 84999 05/19/2025 Books
Visitors:
Copyright © 2024 Central Library NICHE.  All rights reserved.